[Event "Klatovy op-B 29th"]
[Site "Klatovy"]
[Date "2023.07.07"]
[Round "7"]
[White "Kubicek, Daniel1111"]
[Black "Rezac, Jindrich"]
[Result "0-1"]
[WhiteElo "1475"]
[BlackElo "1794"]
[PlyCount "62"]
[EventDate "2023.07.01"]
[EventType "swiss"]
[EventRounds "9"]
[EventCountry "CZE"]
[SourceTitle "CBM 215 Extra"]
[Source "ChessBase"]
[SourceDate "2023.09.30"]
[SourceVersion "1"]
[SourceVersionDate "2023.09.30"]
[SourceQuality "1"]

1. e4 d5 2. exd5 Qxd5 3. Nc3 Qa5 4. Bc4 Nf6 5. d4 c6 6. Nf3 Bf5 7. 0-0 Qc7 8. Re1 e6 9. Bb3 Nbd7 10. Nh4 Bg6 11. d5 cxd5 12. Nxd5 Nxd5 13. Bxd5 Be7 14. Nxg6 hxg6 15. Bf3 Qxh2+ 16. Kf1 Qc7 17. Be3 0-0-0 18. g3 Ne5 19. Qe2 Nxf3 20. Qxf3 Bc5 21. Qe4 Bxe3 22. Qxe3 Qc6 23. Rac1 Rh1+ 24. Ke2 Qc4+ 25. Kf3 Qd5+ 26. Ke2 Qh5+ 27. Qf3 Qb5+ 28. Ke3 Qc5+ 29. Ke2 Qc4+ 30. Ke3 Qd4+ 31. Ke2 Qd2# 0-1

[Event "Pardubice Czech Tintera op 30th"]
[Site "Pardubice"]
[Date "2019.07.20"]
[Round "2"]
[White "Rezac, Jindrich"]
[Black "Chudinovskikh, Alexander M"]
[Result "0-1"]
[WhiteElo "1787"]
[BlackElo "2152"]
[PlyCount "70"]
[EventDate "2019.07.19"]
[EventType "swiss"]
[EventRounds "9"]
[EventCountry "CZE"]
[SourceTitle "EXT 2020"]
[Source "ChessBase"]
[SourceDate "2019.10.17"]
[SourceVersion "1"]
[SourceVersionDate "2019.10.17"]
[SourceQuality "1"]

1. d4 Nf6 2. c4 e6 3. Nf3 c5 4. e3 d5 5. Nc3 a6 6. cxd5 exd5 7. Bd3 cxd4 8. exd4 Bg4 9. h3 Bh5 10. 0-0 Be7 11. Be2 0-0 12. Bf4 Nc6 13. a3 Rc8 14. Rc1 Na5 15. Ne5 Bxe2 16. Qxe2 Nb3 17. Rcd1 b5 18. Qd3 Na5 19. a4 Nc4 20. Rb1 Qa5 21. axb5 axb5 22. Rfc1 Rfd8 23. b3 Na3 24. Ra1 h6 25. Bd2 Qb6 26. Ne2 b4 27. Ng3 Bf8 28. Kh1 Qe6 29. f3 Nd7 30. Re1 Nc2 31. Ra6 Nxe1 32. Bxe1 Nxe5 33. dxe5 Qxe5 34. Bf2 Rc1+ 35. Kh2 Bd6 0-1

[Event "Klatovy op-B 24th"]
[Site "Klatovy"]
[Date "2018.07.08"]
[Round "9"]
[White "Rezac, Jindrich"]
[Black "Merinsky, Vaclav"]
[Result "1/2-1/2"]
[WhiteElo "1806"]
[BlackElo "1565"]
[PlyCount "56"]
[EventDate "2018.06.30"]
[EventType "swiss"]
[EventRounds "9"]
[EventCountry "CZE"]
[SourceTitle "EXT 2019"]
[Source "ChessBase"]
[SourceDate "2018.10.10"]
[SourceVersion "1"]
[SourceVersionDate "2018.10.10"]
[SourceQuality "1"]

1. e4 e5 2. Nf3 Nc6 3. d4 exd4 4. Bc4 Bc5 5. c3 Nf6 6. 0-0 d5 7. exd5 Nxd5 8. cxd4 Be7 9. Re1 0-0 10. Bxd5 Qxd5 11. Nc3 Qd8 12. d5 Nb8 13. Bf4 Na6 14. Rc1 Bd7 15. Ne5 Bd6 16. Nxd7 Bxf4 17. Nxf8 Bxc1 18. Qxc1 Qxf8 19. Qf4 Qd8 20. Qe5 Qd7 21. h3 h6 22. Re3 Kf8 23. Rg3 f6 24. Qe4 Re8 25. Qh7 Qf7 26. Ne4 Qg8 27. Qg6 Qf7 28. Qh7 Qg8 1/2-1/2

[Event "Klatovy op-B 22nd"]
[Site "Klatovy"]
[Date "2016.07.04"]
[Round "3"]
[White "Rezac, Jindrich"]
[Black "Stross, Frantisek1111"]
[Result "1/2-1/2"]
[WhiteElo "1799"]
[BlackElo "1652"]
[PlyCount "62"]
[EventDate "2016.07.02"]
[EventType "swiss"]
[EventRounds "9"]
[EventCountry "CZE"]
[SourceTitle "EXT 2019"]
[Source "ChessBase"]
[SourceDate "2018.10.10"]
[SourceVersion "1"]
[SourceVersionDate "2018.10.10"]
[SourceQuality "1"]

1. d4 d5 2. c4 e6 3. Nc3 Nf6 4. Nf3 Nc6 5. e3 Be7 6. Bd3 0-0 7. 0-0 Nb4 8. Be2 c5 9. a3 Nc6 10. dxc5 Bxc5 11. b4 Bd6 12. cxd5 exd5 13. Bb2 a6 14. Qb3 Be6 15. Nd4 Nxd4 16. exd4 Qc7 17. g3 Rad8 18. Bf3 Ne4 19. Rad1 Qc6 20. Rfe1 Nxc3 21. Bxc3 b5 22. Bd2 h6 23. Rc1 Qb7 24. Rc3 Rc8 25. Rec1 Rxc3 26. Rxc3 Bb8 27. Qc2 Ba7 28. Rc7 Qa8 29. Be3 Bb6 30. Rc6 Qa7 31. Qd3 Qb7 1/2-1/2

[Event "Klatovy op"]
[Site "Klatovy"]
[Date "2014.07.04"]
[Round "7"]
[White "Rezac, Jindrich"]
[Black "Parizek, Vojtech"]
[Result "0-1"]
[WhiteElo "1887"]
[BlackElo "1782"]
[PlyCount "48"]
[EventDate "2014.06.28"]
[EventType "swiss"]
[EventRounds "9"]
[EventCountry "CZE"]
[SourceTitle "CBM 161 Extra"]
[Source "ChessBase"]
[SourceDate "2014.08.29"]
[SourceVersion "1"]
[SourceVersionDate "2014.08.29"]
[SourceQuality "1"]

1. e4 c5 2. Nf3 Nc6 3. d4 cxd4 4. Nxd4 Nf6 5. Nc3 e5 6. Ndb5 d6 7. Be2 a6 8. Na3 b5 9. Nd5 Nxe4 10. Bf3 f5 11. Be3 Rb8 12. Bxe4 fxe4 13. 0-0 Be6 14. f3 exf3 15. Qxf3 Ne7 16. Nxe7 Bxe7 17. Qc6+ Qd7 18. Qxa6 Bf7 19. c3 0-0 20. Qa5 Qg4 21. Rad1 Bd5 22. Rxf8+ Rxf8 23. Rd2 Bxg2 24. Bf2 Bh3+ 0-1

[Event "Czech Fed-ch opA"]
[Site "Hrdonov"]
[Date "2013.10.28"]
[Round "3"]
[White "Rezac, Jindrich"]
[Black "Lhotka, Jiri"]
[Result "0-1"]
[WhiteElo "1887"]
[BlackElo "2072"]
[PlyCount "68"]
[EventDate "2013.10.26"]
[EventType "swiss"]
[EventRounds "9"]
[EventCountry "CZE"]
[SourceTitle "EXT 2016"]
[Source "ChessBase"]
[SourceDate "2015.10.08"]
[SourceVersion "1"]
[SourceVersionDate "2015.10.08"]
[SourceQuality "1"]

1. e4 c5 2. Nf3 d6 3. d4 cxd4 4. Nxd4 Nf6 5. Nc3 a6 6. Be2 e5 7. Nf3 Be7 8. h3 h6 9. Be3 Be6 10. 0-0 Nbd7 11. Nd2 0-0 12. f4 exf4 13. Rxf4 Ne5 14. Rf1 Rc8 15. Qe1 d5 16. exd5 Nxd5 17. Nxd5 Qxd5 18. c4 Qa5 19. Qg3 Ng6 20. a3 Rfd8 21. b4 Qa4 22. Bd1 Qe8 23. Be2 Bf6 24. Rab1 Bc3 25. Ne4 Be5 26. Qf3 Bxc4 27. Bxc4 Rxc4 28. Nc5 Rc3 29. Rbe1 b6 30. Nxa6 Rxa3 31. b5 Rxe3 32. Rxe3 Bd4 33. Rfe1 Qxb5 34. Nc7 Qc4 0-1

[Event "Czech Fed-ch opA"]
[Site "Hrdonov"]
[Date "2013.10.26"]
[Round "1"]
[White "Rezac, Jindrich"]
[Black "Korsa, Jindrich"]
[Result "0-1"]
[WhiteElo "1887"]
[BlackElo "2163"]
[PlyCount "86"]
[EventDate "2013.10.26"]
[EventType "swiss"]
[EventRounds "9"]
[EventCountry "CZE"]
[SourceTitle "EXT 2016"]
[Source "ChessBase"]
[SourceDate "2015.10.08"]
[SourceVersion "1"]
[SourceVersionDate "2015.10.08"]
[SourceQuality "1"]

1. d4 g6 2. c4 Bg7 3. e4 d6 4. Nc3 Nc6 5. Nge2 e5 6. d5 Nce7 7. f4 f5 8. Ng3 Nf6 9. Bd3 0-0 10. 0-0 fxe4 11. Ngxe4 Nxe4 12. Bxe4 Nf5 13. Qd3 Qf6 14. fxe5 Qxe5 15. Bd2 Bd7 16. Rae1 Qd4+ 17. Qxd4 Bxd4+ 18. Kh1 Rae8 19. b3 Ne3 20. Rxf8+ Rxf8 21. Ne2 Bb6 22. Ng3 Ng4 23. h3 Bf2 24. Rf1 Bxg3 25. Rxf8+ Kxf8 26. hxg4 Bxg4 27. Bg5 Ke8 28. Kg1 Be2 29. Bf3 Bd3 30. Bg4 Bb1 31. a3 Bc2 32. b4 Bd3 33. c5 Be5 34. Be3 b6 35. c6 Ke7 36. Kf2 Kf6 37. Kf3 Bb2 38. a4 Ke5 39. Bg5 Kxd5 40. b5 a6 41. Bd8 axb5 42. axb5 Bxb5 43. Bxc7 Kxc6 0-1

[Event "Klatovy op-B"]
[Site "Klatovy"]
[Date "2013.07.07"]
[Round "9"]
[White "Holy, Filip"]
[Black "Rezac, Jindrich"]
[Result "1/2-1/2"]
[WhiteElo "1760"]
[BlackElo "1850"]
[PlyCount "112"]
[EventDate "2013.06.29"]
[EventType "swiss"]
[EventRounds "9"]
[EventCountry "CZE"]
[SourceTitle "EXT 2014"]
[Source "ChessBase"]
[SourceDate "2013.11.20"]
[SourceVersion "1"]
[SourceVersionDate "2013.11.20"]
[SourceQuality "1"]

1. e4 d5 2. exd5 Nf6 3. Bb5+ Bd7 4. Bxd7+ Nbxd7 5. Nc3 Nb6 6. Nf3 Nbxd5 7. 0-0 e6 8. d3 Be7 9. Bd2 0-0 10. Ne5 Nxc3 11. Bxc3 Nd5 12. Qg4 Nxc3 13. bxc3 Qd5 14. Rfe1 Bf6 15. Qe4 Bxe5 16. Qxe5 Qxe5 17. Rxe5 b6 18. Rae1 Rfd8 19. f4 c5 20. R1e4 Kf8 21. Kf2 Rd7 22. Kf3 Rad8 23. f5 exf5 24. Rxf5 Re7 25. Rfe5 Rxe5 26. Rxe5 f6 27. Re4 Kf7 28. Ra4 Rd7 29. Ra6 f5 30. a4 g5 31. a5 Rb7 32. axb6 axb6 33. c4 Ke6 34. Ke3 Ke5 35. g3 f4+ 36. gxf4+ gxf4+ 37. Kf3 Kf5 38. Ra8 Rf7 39. Rd8 Rf6 40. Rd5+ Ke6 41. Rh5 h6 42. c3 Kd6 43. d4 cxd4 44. cxd4 Kd7 45. Rd5+ Kc7 46. h4 Kc8 47. h5 Kc7 48. Re5 Rc6 49. c5 bxc5 50. Rxc5 Rxc5 51. dxc5 Kc6 52. Kxf4 Kxc5 53. Kf5 Kd6 54. Kg6 Ke6 55. Kg7 Kf5 56. Kxh6 Kf6 1/2-1/2

[Event "Klatovy op-B"]
[Site "Klatovy"]
[Date "2013.07.06"]
[Round "8"]
[White "Rezac, Jindrich"]
[Black "Durchan, Milan"]
[Result "1-0"]
[WhiteElo "1850"]
[BlackElo "1670"]
[PlyCount "75"]
[EventDate "2013.06.29"]
[EventType "swiss"]
[EventRounds "9"]
[EventCountry "CZE"]
[SourceTitle "EXT 2014"]
[Source "ChessBase"]
[SourceDate "2013.11.20"]
[SourceVersion "1"]
[SourceVersionDate "2013.11.20"]
[SourceQuality "1"]

1. e4 c6 2. d4 d5 3. e5 Bf5 4. Bd3 Bxd3 5. Qxd3 e6 6. f4 c5 7. c3 Nc6 8. Nf3 Qb6 9. 0-0 cxd4 10. cxd4 Nge7 11. Nc3 g6 12. Bd2 Nf5 13. Ne2 Nb4 14. Qb3 Nc6 15. Qxb6 axb6 16. g4 Nfe7 17. Nc3 Kd7 18. Nb5 Nc8 19. Ng5 Ke7 20. f5 gxf5 21. gxf5 h6 22. f6+ Kd7 23. Nxf7 Rh7 24. Nxh6 Rxh6 25. Bxh6 Bxh6 26. Rf3 Ra4 27. Rh3 Bf8 28. Rh7+ Kd8 29. Rh8 Ke8 30. b3 Rb4 31. Nc7+ Kf7 32. Nxe6 Kxe6 33. Rxf8 N8a7 34. Rf1 Nxd4 35. f7 Ne2+ 36. Kh1 Rf4 37. Rxf4 Nxf4 38. Ra8 1-0

[Event "Klatovy op-B"]
[Site "Klatovy"]
[Date "2013.07.05"]
[Round "7"]
[White "Skalny, Petr"]
[Black "Rezac, Jindrich"]
[Result "0-1"]
[WhiteElo "1700"]
[BlackElo "1850"]
[PlyCount "46"]
[EventDate "2013.06.29"]
[EventType "swiss"]
[EventRounds "9"]
[EventCountry "CZE"]
[SourceTitle "EXT 2014"]
[Source "ChessBase"]
[SourceDate "2013.11.20"]
[SourceVersion "1"]
[SourceVersionDate "2013.11.20"]
[SourceQuality "1"]

1. f4 d5 2. d4 Nf6 3. e3 Bf5 4. Be2 Nbd7 5. Nf3 e6 6. 0-0 Be7 7. Ne5 Ne4 8. g4 Nxe5 9. dxe5 Bg6 10. f5 exf5 11. gxf5 Bc5 12. fxg6 Qg5+ 13. Bg4 hxg6 14. Qf3 f5 15. exf6 gxf6 16. Nc3 Nxc3 17. bxc3 f5 18. h3 0-0-0 19. Qf4 Qxf4 20. Rxf4 fxg4 21. hxg4 Rde8 22. c4 Rxe3 23. Kg2 Re2+ 0-1

[Event "Klatovy op-B"]
[Site "Klatovy"]
[Date "2013.07.04"]
[Round "6"]
[White "Rezac, Jindrich"]
[Black "Eret, Miloslav"]
[Result "0-1"]
[WhiteElo "1850"]
[BlackElo "1725"]
[PlyCount "66"]
[EventDate "2013.06.29"]
[EventType "swiss"]
[EventRounds "9"]
[EventCountry "CZE"]
[SourceTitle "EXT 2014"]
[Source "ChessBase"]
[SourceDate "2013.11.20"]
[SourceVersion "1"]
[SourceVersionDate "2013.11.20"]
[SourceQuality "1"]

1. d4 Nf6 2. c4 c5 3. e3 g6 4. Nc3 Bg7 5. Nf3 0-0 6. Be2 cxd4 7. exd4 d5 8. c5 b6 9. b4 a5 10. Ba3 axb4 11. Bxb4 Na6 12. Bxa6 Bxa6 13. Ne5 bxc5 14. Bxc5 Re8 15. Rb1 Nh5 16. Qf3 Bxe5 17. dxe5 Qc7 18. Bd4 Red8 19. Kd2 Qc4 20. Qe3 Ng7 21. g4 Ne6 22. Ne2 Qxe2+ 23. Qxe2 Bxe2 24. Kxe2 Nxd4+ 25. Kd3 Nc6 26. f4 Rxa2 27. Rb6 Ra3+ 28. Kd2 Na5 29. Rb5 Nc4+ 30. Ke2 d4 31. Rc1 d3+ 32. Kf2 d2 33. Rd1 Ne3 0-1

[Event "Klatovy op-B"]
[Site "Klatovy"]
[Date "2013.07.02"]
[Round "4"]
[White "Rezac, Jindrich"]
[Black "Zak, Jiri"]
[Result "1-0"]
[WhiteElo "1850"]
[BlackElo "1720"]
[PlyCount "73"]
[EventDate "2013.06.29"]
[EventType "swiss"]
[EventRounds "9"]
[EventCountry "CZE"]
[SourceTitle "EXT 2014"]
[Source "ChessBase"]
[SourceDate "2013.11.20"]
[SourceVersion "1"]
[SourceVersionDate "2013.11.20"]
[SourceQuality "1"]

1. d4 d5 2. c4 e6 3. e3 Nf6 4. Nc3 g6 5. Nf3 Bg7 6. Bd3 dxc4 7. Bxc4 0-0 8. 0-0 Nbd7 9. e4 c6 10. Re1 Qc7 11. Bg5 b5 12. Bd3 a6 13. Rc1 Qb6 14. e5 Nd5 15. Nxd5 cxd5 16. Be7 Re8 17. Bd6 Bf8 18. Bc7 Qa7 19. Ba5 Nb6 20. b3 Bd7 21. Qd2 Rac8 22. h4 Rxc1 23. Rxc1 Rc8 24. h5 Rxc1+ 25. Qxc1 Qb7 26. Nh2 Nc8 27. Ng4 Be8 28. Nf6+ Kh8 29. Nxe8 Na7 30. Qc7 Qxc7 31. Nxc7 Nc6 32. Bb6 Nb8 33. hxg6 hxg6 34. a4 bxa4 35. bxa4 Nd7 36. Ba7 a5 37. Bb5 1-0

[Event "Hrdonov Fontana op"]
[Site "Hrdonov"]
[Date "2012.10.23"]
[Round "4"]
[White "Rezac, Jindrich"]
[Black "Suchomelova, Simona"]
[Result "0-1"]
[WhiteElo "1887"]
[BlackElo "1757"]
[PlyCount "62"]
[EventDate "2012.10.20"]
[EventType "swiss"]
[EventRounds "9"]
[EventCountry "CZE"]
[SourceTitle "CBM 151 Extra"]
[Source "ChessBase"]
[SourceDate "2012.12.18"]
[SourceVersion "1"]
[SourceVersionDate "2012.12.18"]
[SourceQuality "1"]

1. d4 Nf6 2. c4 g6 3. Nc3 Bg7 4. e4 d6 5. Nf3 0-0 6. Bd3 Nbd7 7. 0-0 e5 8. d5 Ne8 9. Be3 f5 10. exf5 gxf5 11. Bg5 Ndf6 12. Bc2 Qd7 13. Qd2 Kh8 14. Bh6 Rg8 15. Nh4 e4 16. f3 Qe7 17. Rae1 Nh5 18. fxe4 Bxh6 19. Qxh6 Qxh4 20. exf5 Nef6 21. Re7 Qd4+ 22. Kh1 Qxc4 23. Rfe1 Qg4 24. Be4 Bxf5 25. Bf3 Qg6 26. Qd2 Rae8 27. Rxc7 Rxe1+ 28. Qxe1 Nf4 29. Rxb7 Nxg2 30. Qf2 Nh4 31. Ne2 Nxf3 0-1

[Event "Hrdonov Fontana op"]
[Site "Hrdonov"]
[Date "2012.10.21"]
[Round "2"]
[White "Rezac, Jindrich"]
[Black "Franc, Ondrej"]
[Result "1/2-1/2"]
[WhiteElo "1887"]
[BlackElo "1803"]
[PlyCount "33"]
[EventDate "2012.10.20"]
[EventType "swiss"]
[EventRounds "9"]
[EventCountry "CZE"]
[SourceTitle "CBM 151 Extra"]
[Source "ChessBase"]
[SourceDate "2012.12.18"]
[SourceVersion "1"]
[SourceVersionDate "2012.12.18"]
[SourceQuality "1"]

1. d4 d5 2. c4 e6 3. Nc3 Nf6 4. Nf3 c5 5. cxd5 Nxd5 6. e4 Nf6 7. Bb5+ Bd7 8. Bxd7+ Qxd7 9. 0-0 cxd4 10. Qxd4 Qxd4 11. Nxd4 Bc5 12. Be3 Nbd7 13. Rac1 0-0 14. Rfd1 Rac8 15. Rc2 Nb6 16. b3 Rfd8 17. h3 1/2-1/2

[Event "Ricany op"]
[Site "Ricany"]
[Date "2012.09.01"]
[Round "8"]
[White "Petrun, Milan"]
[Black "Rezac, Jindrich"]
[Result "1/2-1/2"]
[WhiteElo "1925"]
[BlackElo "1874"]
[PlyCount "147"]
[EventDate "2012.08.26"]
[EventType "swiss"]
[EventRounds "9"]
[EventCountry "CZE"]
[SourceTitle "CBM 150 Extra"]
[Source "ChessBase"]
[SourceDate "2012.10.19"]
[SourceVersion "1"]
[SourceVersionDate "2012.10.19"]
[SourceQuality "1"]

1. e4 e5 2. Bc4 Bc5 3. Nf3 Nc6 4. b4 Bxb4 5. c3 Ba5 6. 0-0 Nf6 7. d3 0-0 8. a4 h6 9. Qb3 d6 10. h3 Bb6 11. Qc2 Qe7 12. Ba3 Be6 13. Nbd2 Bxc4 14. Nxc4 Qe6 15. Ncd2 Rfe8 16. Rfe1 Nh5 17. Bb2 Nf4 18. Nf1 Qg6 19. Ne3 Nxh3+ 20. Kh1 Nf4 21. g3 Qh5+ 22. Nh2 Ne6 23. Nf5 Ng5 24. Nh4 Re6 25. Rf1 Rf6 26. f3 Ne7 27. d4 Ng6 28. Nxg6 Qxg6 29. a5 Bxa5 30. Rxa5 Re6 31. d5 Re7 32. Bc1 Nh7 33. Kg2 Nf6 34. Qf2 b6 35. Ra6 Nd7 36. Be3 Nf6 37. Rfa1 Kh7 38. Rxa7 Rxa7 39. Rxa7 Rd7 40. Nf1 h5 41. Nd2 Ne8 42. Bxb6 f5 43. exf5 Qxf5 44. Be3 Nf6 45. c4 g5 46. Ne4 Nxe4 47. fxe4 Qxe4+ 48. Qf3 Qc2+ 49. Qf2 Qe4+ 50. Kg1 Qb1+ 51. Kh2 Rg7 52. Ra2 Qe4 53. Qc2 Qxc2+ 54. Rxc2 Kg6 55. Rf2 c6 56. Kh3 cxd5 57. cxd5 Rb7 58. Kg2 Rb5 59. Rd2 Kf5 60. Kf2 h4 61. gxh4 gxh4 62. Kf3 h3 63. Bg1 Rb3+ 64. Kf2 Ke4 65. Bh2 Rb5 66. Kg3 Rxd5 67. Rxd5 Kxd5 68. Kxh3 Ke4 69. Kg2 d5 70. Kf2 d4 71. Ke2 d3+ 72. Kd2 Kd4 73. Bxe5+ Kxe5 74. Kxd3 1/2-1/2

[Event "Ricany op"]
[Site "Ricany"]
[Date "2012.08.27"]
[Round "3"]
[White "Rezac, Jindrich"]
[Black "Vystrcil, Martin"]
[Result "1-0"]
[WhiteElo "1874"]
[BlackElo "1750"]
[PlyCount "123"]
[EventDate "2012.08.26"]
[EventType "swiss"]
[EventRounds "9"]
[EventCountry "CZE"]
[SourceTitle "CBM 150 Extra"]
[Source "ChessBase"]
[SourceDate "2012.10.19"]
[SourceVersion "1"]
[SourceVersionDate "2012.10.19"]
[SourceQuality "1"]

1. d4 Nf6 2. c4 g6 3. Nc3 Bg7 4. e4 d6 5. Nf3 0-0 6. Be2 Bg4 7. h3 Bxf3 8. Bxf3 Nc6 9. 0-0 e5 10. d5 Nd4 11. Be3 Re8 12. Re1 Nd7 13. Bxd4 exd4 14. Nb5 d3 15. Qxd3 Bxb2 16. Rab1 Bg7 17. Qc2 Nc5 18. Nc3 Bxc3 19. Qxc3 Re5 20. g3 Qe7 21. Bg2 Qd7 22. f4 Re7 23. e5 Rae8 24. g4 b6 25. Re2 g5 26. e6 fxe6 27. fxg5 e5 28. Rf1 Rf8 29. Rf6 Ref7 30. Ref2 Qe7 31. Qf3 Nd7 32. Rxf7 Rxf7 33. Qe3 Rxf2 34. Kxf2 Qf7+ 35. Kg3 Nf8 36. Be4 Ng6 37. Bf5 Nf4 38. Qe4 Qg7 39. h4 Kh8 40. Be6 Qg6 41. Bf5 Qg7 42. Kf3 a5 43. a4 Qg8 44. Bd7 Qf8 45. Qf5 Qxf5 46. gxf5 Nd3 47. f6 Nc5 48. Bc6 Kg8 49. h5 Kf7 50. Kg4 e4 51. Kf4 Kg8 52. g6 hxg6 53. hxg6 Kf8 54. g7+ Kg8 55. Be8 Nd3+ 56. Kxe4 Ne5 57. Bb5 Kf7 58. Kf5 Nd3 59. Be8+ Kg8 60. Ke6 Nf4+ 61. Kd7 b5 62. Ke7 1-0

[Event "Kouty nad Desnou op-A"]
[Site "Kouty nad Desnou"]
[Date "2012.03.15"]
[Round "7"]
[White "Hollan, Petr"]
[Black "Rezac, Jindrich"]
[Result "1/2-1/2"]
[WhiteElo "1675"]
[BlackElo "1820"]
[PlyCount "39"]
[EventDate "2012.03.10"]
[EventType "swiss"]
[EventRounds "9"]
[EventCountry "CZE"]
[SourceTitle "EXT 2013"]
[Source "ChessBase"]
[SourceDate "2012.11.22"]
[SourceVersion "1"]
[SourceVersionDate "2012.11.22"]
[SourceQuality "1"]

1. d4 d5 2. c4 e6 3. Nc3 Nf6 4. Nf3 Be7 5. cxd5 exd5 6. Bg5 0-0 7. e3 h6 8. Bh4 Be6 9. Bd3 Nbd7 10. 0-0 b6 11. Rc1 c5 12. Bb1 Rc8 13. Ne5 cxd4 14. exd4 Nxe5 15. dxe5 Nd7 16. Bxe7 Qxe7 17. Nxd5 Bxd5 18. Qxd5 Nxe5 19. Rce1 Rfe8 20. Qe4 1/2-1/2

[Event "Kouty nad Desnou op-A"]
[Site "Kouty nad Desnou"]
[Date "2012.03.14"]
[Round "6"]
[White "Rezac, Jindrich"]
[Black "Dvorak, Vladimir"]
[Result "1/2-1/2"]
[WhiteElo "1820"]
[BlackElo "2030"]
[PlyCount "25"]
[EventDate "2012.03.10"]
[EventType "swiss"]
[EventRounds "9"]
[EventCountry "CZE"]
[SourceTitle "EXT 2013"]
[Source "ChessBase"]
[SourceDate "2012.11.22"]
[SourceVersion "1"]
[SourceVersionDate "2012.11.22"]
[SourceQuality "1"]

1. d4 e6 2. c4 f5 3. Nc3 Nf6 4. Nf3 Bb4 5. Qc2 b6 6. g3 Bb7 7. Bg2 Be4 8. Qb3 Nc6 9. 0-0 Qe7 10. a3 Bxc3 11. Qxc3 0-0 12. b4 a5 13. b5 1/2-1/2

[Event "Kouty nad Desnou op-A"]
[Site "Kouty nad Desnou"]
[Date "2012.03.12"]
[Round "4"]
[White "Rezac, Jindrich"]
[Black "Novak, Jiri1111"]
[Result "1-0"]
[WhiteElo "1820"]
[BlackElo "1705"]
[PlyCount "67"]
[EventDate "2012.03.10"]
[EventType "swiss"]
[EventRounds "9"]
[EventCountry "CZE"]
[SourceTitle "EXT 2013"]
[Source "ChessBase"]
[SourceDate "2012.11.22"]
[SourceVersion "1"]
[SourceVersionDate "2012.11.22"]
[SourceQuality "1"]

1. d4 d5 2. c4 e6 3. Nc3 Nf6 4. e3 Be7 5. Nf3 0-0 6. Bd3 c6 7. 0-0 Nbd7 8. b3 Qc7 9. Bb2 dxc4 10. bxc4 Nb6 11. e4 a6 12. Rc1 c5 13. d5 e5 14. Ne2 Bd6 15. Ng3 Bg4 16. h3 Bxf3 17. Qxf3 Ne8 18. Nf5 g6 19. Qg3 f6 20. Nxd6 Nxd6 21. f4 Nf7 22. fxe5 Nxe5 23. Rxf6 Rxf6 24. Bxe5 Qe7 25. Bxf6 Qxf6 26. e5 Qg7 27. Re1 Re8 28. Qe3 Qe7 29. d6 Qe6 30. Qxc5 Nd7 31. Qd4 Kf8 32. c5 Nxe5 33. Kh1 Kg7 34. d7 1-0

[Event "Kouty nad Desnou op-A"]
[Site "Kouty nad Desnou"]
[Date "2012.03.10"]
[Round "1"]
[White "Hrabal, Michal"]
[Black "Rezac, Jindrich"]
[Result "1/2-1/2"]
[WhiteElo "2073"]
[BlackElo "1820"]
[PlyCount "110"]
[EventDate "2012.03.10"]
[EventType "swiss"]
[EventRounds "9"]
[EventCountry "CZE"]
[SourceTitle "EXT 2013"]
[Source "ChessBase"]
[SourceDate "2012.11.22"]
[SourceVersion "1"]
[SourceVersionDate "2012.11.22"]
[SourceQuality "1"]

1. e4 c5 2. f4 d5 3. Nc3 dxe4 4. Nxe4 e6 5. Nf3 Nf6 6. Nf2 Be7 7. g3 b6 8. Bg2 Bb7 9. 0-0 0-0 10. b3 Qc7 11. Nd3 Nc6 12. Bb2 Rfd8 13. h3 Rac8 14. Nde5 h6 15. c4 Nd4 16. Bxd4 cxd4 17. d3 Nd7 18. Qe2 Nxe5 19. Nxe5 Bxg2 20. Kxg2 Bc5 21. Qg4 Qe7 22. Rae1 f6 23. Ng6 Qf7 24. Qxe6 Re8 25. Qxf7+ Kxf7 26. f5 Bb4 27. Re4 Rxe4 28. dxe4 d3 29. Nf4 d2 30. Rd1 b5 31. Nd3 Bc3 32. cxb5 Rd8 33. Nc5 Bb4 34. Na6 Bc3 35. Kf2 Rd3 36. Nc7 Bd4+ 37. Ke2 Re3+ 38. Kxd2 Rxg3 39. Ne6 Be5 40. Ke2 Rg2+ 41. Kd3 Rxa2 42. Kc4 Rc2+ 43. Kb4 Bc3+ 44. Ka3 Bb2+ 45. Ka4 Bc3 46. b4 Rb2 47. Rd3 Be1 48. Rd7+ Ke8 49. Rxg7 Rxb4+ 50. Ka5 Rxe4+ 51. Ka6 Bf2 52. Rg2 Bb6 53. Kb7 Re5 54. Rg6 Rxf5 55. Rxh6 Rxb5 1/2-1/2

[Event "Ricany op-A"]
[Site "Ricany"]
[Date "2011.08.25"]
[Round "7"]
[White "Havelka, Petr"]
[Black "Rezac, Jindrich"]
[Result "1/2-1/2"]
[WhiteElo "1915"]
[BlackElo "1862"]
[PlyCount "23"]
[EventDate "2011.08.20"]
[EventType "swiss"]
[EventRounds "9"]
[EventCountry "CZE"]
[SourceTitle "CBM 144 Extra"]
[Source "ChessBase"]
[SourceDate "2011.10.28"]
[SourceVersion "1"]
[SourceVersionDate "2011.10.28"]
[SourceQuality "1"]

1. d4 d5 2. c4 dxc4 3. Nc3 Nf6 4. Nf3 e6 5. e3 Be7 6. Bxc4 0-0 7. 0-0 b6 8. b3 Bb7 9. Bb2 c5 10. Be2 Nc6 11. dxc5 Bxc5 12. Qxd8 1/2-1/2